| 000 | 00807nam a2200241 a 4500 | ||
|---|---|---|---|
| 001 | 10136 | ||
| 003 | CO-ViMGA | ||
| 008 | 141112s2004 ck r 000 u spa d | ||
| 040 |
_aCO-ViMGA _bspa _cCO-ViMGA |
||
| 082 | 0 | 4 | _a696.1 A73e |
| 100 | 1 |
_aAsencio Cerver, Francisco _93403 |
|
| 245 | 1 | 0 | _aEnciclopedia atrium de la Plomeria |
| 260 |
_aEspaña. : _bAxis Books, _cS.A, _c1993 |
||
| 300 | _a141p. : il. color | ||
| 490 | _aV.1 Proyectos de Instalaciones I. V.2 Proyectos de Instalaciones II. V.3 Componentes y Automotismos. V.4 Energía Solar. V.5 Domótica. | ||
| 650 | 1 | 4 | _aENCICLOPEDIA |
| 650 | 1 | 4 | _aENERGIA SOLAR |
| 650 | 1 | 4 |
_aINSTALACIONES DE TUBERIAS _942 |
| 650 | 1 | 4 |
_aINSTALACIONES ENCICLOPEDIAS _912993 |
| 650 | 1 | 4 |
_aINSTALACIONES SANITARIAS _912994 |
| 650 | 1 | 4 | _aPLOMERIA |
| 942 |
_2ddc _cBK |
||
| 999 |
_c21509 _d21509 |
||